1788 1051 1021 1787 1651 1592 1636 1328 1738 1405 1417 1028 1860 1402 1762 1876 1428 1064 1716 1877 1339 1256 1389 1373 1636 1788 1144 1548 1221 1789 1506 1533 1593 1383 1449 1675 1729 1762 1514 1244 1912 1202 1848 1059 1701 1052 1513 1140 1182 1415 1785 1418 1020 1631 1314 1685 1908 1283 1637 1824 1191 1544 1461 1811 1209 1273 1314 1506 1872 1870 1012 1413 1440 1676 1037 1415 1375 1933 1644 1480 1969 1847 1445 1617 1490 1503 1040 1423 1611 1558 1598 1878 1932 1810 1554 1429 1043 1805 1629 BCNSPRNW ULIB Ver.6.0+V

เปลี่ยนเป็นภาษาไทย

Change to English
 แสดงรายละเอียดบรรณานุกรม
  กลับหน้าหลัก

Brief Record : Get Marc (ISO 2709) : E-mail record : QR code < ปิดหน้าต่าง
LEADER : 00000nam 2200000uu 4500
001    13399112751
003     ULIB
008    110908s2545||||th 000 0 tha d
020    9742692114
050 04 LB1028.5^bว549ร 2545
110 2  กองวิจัยทางการศึกษา
245 10 การพัฒนาและการใช้คอมพิวเตอร์เพื่อการเรียนการสอน : กรณีศึกษาโรงเรียนประถมศึกษา :^bรายงานการวิจัย /^cกองวิจัยทางการศึกษา กรมวิชาการ กระทรวงศึกษาธิการ
246 30 รายงานการวิจัยเรื่อง การพัฒนาและการใช้คอมพิวเตอร์เพื่อการเรียนการสอน
250    พิมพ์ครั้งที่ 1
260    กรุงเทพฯ :^bกองวิจัยทางการศึกษา,^c2545
300    227 หน้า
504    บรรณานุกรม: หน้า 184
650  7 คอมพิวเตอร์ช่วยการสอน
650  7 การศึกษาขั้นประถม
650  7 โรงเรียนประถมศึกษา
650  7 การเรียนการสอนผ่านเว็บ
945    ^p0^l0^i015190
995    ทศพร
999 ^a ทศพร
รายการนี้ยังไม่มีแท็ก
คุณยังไม่ได้ล็อกอิน คุณสามารถมีกิจกรรมร่วมกับเว็บไซต์ได้ แต่ต้องล็อกอินก่อน ::
  ล็อกอิน

รายการสื่อสารสนเทศ

ลำดับที่ ประเภท เลขเรียก/บาร์โค้ด สถานที่ สถานะ
- ไม่พบข้อมูล -

รายการใกล้เคียง
    หัวเรื่อง [คอมพิวเตอร์ช่วยการสอน]
    หัวเรื่อง [การศึกษาขั้นประถม]
    หัวเรื่อง [การเรียนการสอนผ่านเว็บ]

BibComment


ยังไม่เคยถูกคอมเมนท์

คอมเมนท์ทรัพยากรรายการนี้
  คอมเมนท์: การพัฒนาและการใช้..


 Copyright 2026. Bcnsprnw @Library